Факторный подход в построении экономического пространства региона; Вестник Томского государственного университета. Экономика; № 3
| Parent link: | Вестник Томского государственного университета. Экономика/ Национальный исследовательский Томский государственный университет (ТГУ).— , 2007- № 3.— 2010.— [С. 84-92] |
|---|---|
| Hoofdauteur: | |
| Andere auteurs: | , |
| Samenvatting: | Заглавие с экрана Рассмотрена и обоснована целесообразность использования факторного анализа для построения модели, описывающей конфигурацию и динамику экономического пространства региона. Даны рекомендации и отмечены особенности применения данной модели в качестве инструментария управления и диагностики пространственного развития региона. The expediency of use of the factorial analysis for construction of the model describing a configuration and dynamics of economic space of region is considered and proved. Recommendations are made and features of application of the given model as toolkit of management and diagnostics of spatial development of region are noted. Режим доступа: по договору с организацией-держателем ресурса |
| Taal: | Russisch |
| Gepubliceerd in: |
2010
|
| Onderwerpen: | |
| Online toegang: | http://elibrary.ru/item.asp?id=15645943 http://sun.tsu.ru/mminfo/000063105/ec/11/image/11-084.pdf |
| Formaat: | MixedMaterials Elektronisch Hoofdstuk |
| KOHA link: | https://koha.lib.tpu.ru/cgi-bin/koha/opac-detail.pl?biblionumber=639958 |
MARC
| LEADER | 00000naa0a2200000 4500 | ||
|---|---|---|---|
| 001 | 639958 | ||
| 005 | 20250227153319.0 | ||
| 035 | |a (RuTPU)RU\TPU\network\4488 | ||
| 090 | |a 639958 | ||
| 100 | |a 20150406d2010 k||y0rusy50 ca | ||
| 101 | 0 | |a rus | |
| 102 | |a RU | ||
| 135 | |a drnn ---uucaa | ||
| 181 | 0 | |a i | |
| 182 | 0 | |a b | |
| 200 | 1 | |a Факторный подход в построении экономического пространства региона |d The article purpose - construction of multilevel factorial model of economic space of region |f Е. Н. Акерман, А. А. Михальчук, А. Ю. Трифонов | |
| 203 | |a Текст |c электронный | ||
| 300 | |a Заглавие с экрана | ||
| 320 | |a [Библиогр.: c. 92 (12 назв.)] | ||
| 330 | |a Рассмотрена и обоснована целесообразность использования факторного анализа для построения модели, описывающей конфигурацию и динамику экономического пространства региона. Даны рекомендации и отмечены особенности применения данной модели в качестве инструментария управления и диагностики пространственного развития региона. | ||
| 330 | |a The expediency of use of the factorial analysis for construction of the model describing a configuration and dynamics of economic space of region is considered and proved. Recommendations are made and features of application of the given model as toolkit of management and diagnostics of spatial development of region are noted. | ||
| 333 | |a Режим доступа: по договору с организацией-держателем ресурса | ||
| 461 | |t Вестник Томского государственного университета. Экономика |f Национальный исследовательский Томский государственный университет (ТГУ) |d 2007- | ||
| 463 | |t № 3 |v [С. 84-92] |d 2010 | ||
| 510 | 1 | |a The article purpose - construction of multilevel factorial model of economic space of region |z eng | |
| 610 | 1 | |a труды учёных ТПУ | |
| 610 | 1 | |a электронный ресурс | |
| 610 | 1 | |a образовательные услуги | |
| 610 | 1 | |a образовательная политика | |
| 700 | 1 | |a Акерман |b Е. Н. |c экономист |c профессор Томского политехнического университета, доктор экономических наук |f 1967- |g Елена Николаевна |3 (RuTPU)RU\TPU\pers\34112 |9 17652 | |
| 701 | 1 | |a Михальчук |b А. А. |c математик |c доцент Томского политехнического университета, кандидат физико-математических наук |f 1954- |g Александр Александрович |3 (RuTPU)RU\TPU\pers\27011 |9 12596 | |
| 701 | 1 | |a Трифонов |b А. Ю. |c физик, математик |c профессор Томского политехнического университета, доктор физико-математических наук |f 1963-2021 |g Андрей Юрьевич |3 (RuTPU)RU\TPU\pers\22013 |9 9310 | |
| 801 | 2 | |a RU |b 63413507 |c 20160405 |g RCR | |
| 856 | 4 | 0 | |u http://elibrary.ru/item.asp?id=15645943 |
| 856 | 4 | 0 | |u http://sun.tsu.ru/mminfo/000063105/ec/11/image/11-084.pdf |
| 942 | |c CF | ||